| 000 | 00771cab a2200241 4500 | ||
|---|---|---|---|
| 001 | E91604 | ||
| 008 | 090401t1998 xxu||||| |||| 00| 0 eng d | ||
| 035 | _a(Sirsi) u86095 | ||
| 041 | _aeng | ||
| 245 | _aClydesdale Bank plc v Davidson | ||
| 260 | _c1998 | ||
| 350 | _a0 | ||
| 490 |
_aScots Law Times _v1998 SLT 522-530(9) |
||
| 520 | _aHouse of Lords. 16 December 1997. Landlord and tenant - lease - constitution - proindiviso proprietors grating lease of subjects to one of their number - whether valid lease created. | ||
| 650 | _aBUSINESS TENANCIES | ||
| 650 | _aCLYDESDALE BANK PLC V DAVIDSON | ||
| 650 | _aCOMMERCIAL LEASES | ||
| 650 | _aLEASES | ||
| 650 | _aSCOTS LAW | ||
| 690 | _aLANDLORD AND TENANT-CASE LAW | ||
| 942 | _n0 | ||
| 948 | _c08/05/1998 | ||
| 999 |
_c54161 _d54161 |
||